000 00459nam a2200181Ia 4500
001 8473
003 IN-NITTTR
005 20251114233038.0
008 251113s9999||||xx |||||||||||||| ||eng||
040 _beng
040 _cIN-NITTTR
041 _aeng
082 _a613.7046 S23I
100 _aSharma, Pandit Shiv
245 0 _aInstant yoga for over- busy people. /
_cSharma, Pandit Shiv, Sharma, Kailash
700 _a Sharma, Kailash
942 _2ddc
_cBK
999 _c11111
_d11111